000 00456nam a2200181Ia 4500
001 25064
005 20260414151125.0
008 260414t2008||||xx |||||||||||||| ||spa||
041 _aESP
082 _a346.2
_bP43 2008
100 _aPeralta Andía, Javier Rolando
_eAUT
245 0 _aDerecho de familia en el código civil
_b
260 _c2008
300 _a693 páginas :
_c24 cm.
650 _aDER
654 _aCDE
942 _cLIB
_dJUS
_fJUS
_2ddc
_n
999 _c25064
_d25064